Rugby Union - Top 30 World Rankings - Statistics

General Stats
  • This quiz has been taken 206 times
    141 since last reset
  • The average score is 26 of 30
Answer Stats
Hint Answer % Correct
3 England
100%
1 South Africa
100%
4 Ireland
99%
2 New Zealand
99%
8 Scotland
99%
6 Wales
99%
7 Australia
98%
5 France
98%
10 Argentina
95%
11 Fiji
95%
14 Italy
95%
16 United States
92%
15 Samoa
91%
20 Russia
90%
13 Tonga
90%
23 Canada
89%
9 Japan
89%
12 Georgia
88%
21 Portugal
88%
18 Spain
88%
17 Uruguay
88%
19 Romania
82%
30 Germany
81%
24 Namibia
77%
29 Chile
73%
26 Brazil
69%
27 Belgium
65%
25 Netherlands
58%
22 Hong Kong
44%
28 Switzerland
40%
No matching quizzes found
Score Distribution
Percent of People with Each Score
Percentile by Number Answered
Your Score History
You have not taken this quiz since the last reset